00456nam a2200145Ia 4500008004100000020001800041050002000059082002300079100002400102245006400126260002200190300001100212500004000223650004700263121101s9999 xx 000 0 und d a968-18-5162-5 aHD58.8 P37 1996 a658.4063 J65r 1996 aJohansson. Henry J. aReingeniería de procesos de negocios / Henry J. Johansson aMéxico : Limusa a268 p. aPresentación: René S. Greenwald a1. REINGENIERÍA 2. GERENCIA EJECUTIVAÌ